[Event "VI Sunway Sitges Open 2019"]
[Site "Sitges"]
[Date "2019.12.20"]
[Round "9.43"]
[White "Krishnater Kushager"]
[Black "Stefansson, Hannes"]
[Result "1/2-1/2"]
[WhiteElo "2308"]
[BlackElo "2538"]
[Annotator "ChessBase"]
[PlyCount "67"]
[EventDate "2019.12.13"]
[EventType "swiss"]
[EventCountry "ESP"]
[SourceTitle "playchess.com"]
[Source "ChessBase"]
[SourceQuality "1"]

1. d4 Nf6 2. c4 e6 3. Nf3 d5 4. Nc3 c6 5. e3 Nbd7 6. Qc2 Bd6 7. Bd3 O-O 8. O-O dxc4 9. Bxc4 a6 10. Be2 e5 11. h3 Re8 12. dxe5 Nxe5 13. Nd4 Bb8 14. Kh1 Ng6 15. Rd1 Qc7 16. f4 b5 17. Bf3 Bd7 18. Ne4 Nxe4 19. Bxe4 Ba7 20. Nxc6 Rac8 21. Nxa7 Qxa7 22. Qd3 Rcd8 23. b3 f5 24. Bd5+ Kh8 25. Bf7 Rf8 26. Bxg6 hxg6 27. Bb2 Rf7 28. Qd5 Kg8 29. Bd4 Qa8 30. Be5 Qxd5 31. Rxd5 Ra8 32. Rd6 Kh7 33. Rad1 Be8 34. Rd8 1/2-1/2

[Event "VI Sunway Sitges Open 2019"]
[Site "Sitges"]
[Date "2019.12.20"]
[Round "9.44"]
[White "Kulaots, Kaido"]
[Black "Sidhant, Mohapatra"]
[Result "1/2-1/2"]
[WhiteElo "2538"]
[BlackElo "2338"]
[Annotator "TA"]
[PlyCount "105"]
[EventDate "2019.12.13"]
[EventType "swiss"]
[EventCountry "ESP"]
[SourceTitle "playchess.com"]
[Source "ChessBase"]
[SourceQuality "1"]

1. e4 c5 2. Nf3 d6 3. d4 cxd4 4. Nxd4 Nf6 5. Nc3 a6 6. Be3 e5 7. Nf3 Qc7 8. a4 Be7 9. a5 Be6 10. Be2 O-O 11. O-O Nbd7 12. Ng5 Bc4 13. Ra4 Bxe2 14. Qxe2 Rac8 15. Nf3 Rfd8 16. Rd1 h6 17. Nh4 Bf8 18. Nf5 Kh7 19. Bc1 Nc5 20. Rc4 b5 21. axb6 Qxb6 22. Qf3 Ncd7 23. Rxc8 Rxc8 24. g4 Qb4 25. Ng3 Qc4 26. Kg2 Qe6 27. h3 g6 28. Nf1 Rc4 29. Ne3 Rd4 30. Re1 Bg7 31. Ned5 Nxd5 32. Nxd5 Nf6 33. c3 Rc4 34. Rd1 Nxd5 35. Rxd5 Bf8 36. Qd3 Qc8 37. Be3 Qc6 38. f3 Ra4 39. Qd1 Kg8 40. Qb3 Ra1 41. Rd2 Kg7 42. c4 Be7 43. Bf2 Bg5 44. Rc2 Rd1 45. Qc3 Bf4 46. b4 h5 47. Qb3 hxg4 48. hxg4 Qc8 49. Rc3 Ra1 50. Qb2 Rd1 51. Qb3 Ra1 52. Qb2 Rd1 53. Qb3 1/2-1/2

[Event "VI Sunway Sitges Open 2019"]
[Site "Sitges"]
[Date "2019.12.20"]
[Round "9.45"]
[White "Harsha Bharathakoti"]
[Black "Samant Aditya S"]
[Result "1-0"]
[WhiteElo "2523"]
[BlackElo "2309"]
[Annotator "ChessBase"]
[PlyCount "77"]
[EventDate "2019.12.13"]
[EventType "swiss"]
[EventCountry "ESP"]
[SourceTitle "playchess.com"]
[Source "ChessBase"]
[SourceQuality "1"]

1. Nf3 Nf6 2. c4 e6 3. Nc3 Bb4 4. g4 O-O 5. g5 Ne8 6. Qc2 b6 7. a3 Be7 8. h4 Bb7 9. Bg2 c5 10. Rg1 d5 11. cxd5 exd5 12. d4 Nc7 13. Be3 Ne6 14. O-O-O Nc6 15. dxc5 d4 16. g6 bxc5 17. Bh3 Qe8 18. Bh6 Bf6 19. gxh7+ Kh8 20. Nd5 Nb4 21. Nxf6 Nxc2 22. Nxe8 Raxe8 23. Bxe6 gxh6 24. Bc4 Bxf3 25. exf3 d3 26. Bxd3 Nd4 27. Rg4 Nxf3 28. Ra4 Re7 29. Ra6 f6 30. Bf5 Nxh4 31. Rxf6 Ree8 32. Rxf8+ Rxf8 33. Bc2 Nf3 34. Rd5 Ng5 35. Rxc5 Nxh7 36. Rc7 Ng5 37. Rxa7 h5 38. Ra5 Rg8 39. f4 1-0

[Event "VI Sunway Sitges Open 2019"]
[Site "Sitges"]
[Date "2019.12.20"]
[Round "9.46"]
[White "Barseghyan, Harutyun"]
[Black "Garcia Martin, Marta"]
[Result "0-1"]
[WhiteElo "2498"]
[BlackElo "2306"]
[Annotator "ChessBase"]
[PlyCount "72"]
[EventDate "2019.12.13"]
[EventType "swiss"]
[EventCountry "ESP"]
[SourceTitle "playchess.com"]
[Source "ChessBase"]
[SourceQuality "1"]

1. d4 d5 2. Nf3 Nf6 3. c4 e6 4. g3 dxc4 5. Bg2 a6 6. O-O Nc6 7. e3 Bd7 8. Qe2 Bd6 9. Rd1 O-O 10. Qxc4 Qe7 11. Nc3 b5 12. Qd3 e5 13. dxe5 Bxe5 14. Nxe5 Nxe5 15. Qe2 Rad8 16. e4 b4 17. Nd5 Nxd5 18. Rxd5 Bb5 19. Qe3 c6 20. Rxd8 Rxd8 21. Qe1 Qf6 22. Be3 Nd3 23. Qd2 Qxb2 24. Rd1 Qxd2 25. Rxd2 Re8 26. f4 f6 27. Bb6 c5 28. a4 bxa3 29. Ra2 Rb8 30. Bc7 Rb7 31. Bd6 Bc4 32. Rxa3 Rb1+ 33. Bf1 Kf7 34. f5 Ne5 35. Bxc5 Bxf1 36. Kf2 Nd3+ 0-1

[Event "VI Sunway Sitges Open 2019"]
[Site "Sitges"]
[Date "2019.12.20"]
[Round "9.47"]
[White "Zadruzny, Nicolaj"]
[Black "Iniyan, P."]
[Result "0-1"]
[WhiteElo "2308"]
[BlackElo "2497"]
[Annotator "TA"]
[PlyCount "106"]
[EventDate "2019.12.13"]
[EventType "swiss"]
[EventCountry "ESP"]
[SourceTitle "playchess.com"]
[Source "ChessBase"]
[SourceQuality "1"]

1. d4 Nf6 2. Nf3 g6 3. g3 Bg7 4. Bg2 O-O 5. O-O d6 6. b3 c6 7. Bb2 Qa5 8. Nbd2 Qh5 9. e4 Bg4 10. Re1 Nbd7 11. Qe2 e5 12. Qf1 Bxf3 13. Bxf3 Ng4 14. h3 Qh6 15. Nc4 Nxf2 16. Qxf2 Qxh3 17. dxe5 b5 18. Bg2 Qe6 19. Ne3 Nxe5 20. Rad1 a5 21. Kh2 a4 22. Bh3 Qe7 23. Ba3 Rfd8 24. Bb4 h5 25. Re2 Bh6 26. Ng2 axb3 27. axb3 Ra2 28. Nf4 h4 29. gxh4 Qf6 30. Ng2 Nf3+ 31. Kh1 c5 32. Be1 Bg7 33. Rd3 Nd4 34. Qxf6 Bxf6 35. Rf2 Kg7 36. Bc3 Rxc2 37. Rxc2 Nxc2 38. Ne3 Nxe3 39. Rxe3 Bxc3 40. Rxc3 Rh8 41. Kg2 Rxh4 42. Re3 Kf6 43. Kg3 Rh5 44. Kf4 Rh4+ 45. Bg4 c4 46. b4 Rh1 47. Ra3 Rb1 48. Ra6 g5+ 49. Ke3 Ke5 50. Bf5 d5 51. Bh7 d4+ 52. Kd2 c3+ 53. Kd3 Rb2 0-1

[Event "VI Sunway Sitges Open 2019"]
[Site "Sitges"]
[Date "2019.12.20"]
[Round "9.48"]
[White "Moreto Quintana, Alex"]
[Black "Esplugas Esteve, Vicenc"]
[Result "1/2-1/2"]
[WhiteElo "2134"]
[BlackElo "2366"]
[Annotator "NA"]
[PlyCount "85"]
[EventDate "2019.12.13"]
[EventType "swiss"]
[EventCountry "ESP"]
[SourceTitle "playchess.com"]
[Source "ChessBase"]
[SourceQuality "1"]

1. d4 e6 2. Nf3 Nf6 3. Bf4 c5 4. e3 Nc6 5. c3 d5 6. Nbd2 Bd6 7. Bg3 O-O 8. Bd3 b6 9. Qe2 Bb7 10. Rd1 Re8 11. e4 Nh5 12. e5 Be7 13. h4 Nxg3 14. fxg3 f6 15. Bxh7+ Kxh7 16. Ng5+ Kg8 17. Qh5 fxg5 18. hxg5 Bxg5 19. Qh7+ Kf8 20. O-O+ Bf6 21. exf6 gxf6 22. Qxb7 Rc8 23. Qh7 f5 24. g4 Qf6 25. gxf5 e5 26. Qg6 Qxg6 27. fxg6+ Kg8 28. dxe5 Nxe5 29. Nf3 Rcd8 30. Nxe5 Rxe5 31. Rde1 Rxe1 32. Rxe1 Rd6 33. Re8+ Kg7 34. Re7+ Kxg6 35. Rxa7 Kf5 36. Kf2 d4 37. cxd4 Rxd4 38. Ke3 Rb4 39. b3 b5 40. Rc7 c4 41. Rf7+ Kg6 42. Rf4 cxb3 43. axb3 1/2-1/2

[Event "VI Sunway Sitges Open 2019"]
[Site "Sitges"]
[Date "2019.12.20"]
[Round "9.49"]
[White "Bolognese, Leonardo"]
[Black "Kucuksari, Kaan"]
[Result "0-1"]
[WhiteElo "2048"]
[BlackElo "2337"]
[Annotator "NA"]
[PlyCount "66"]
[EventDate "2019.12.13"]
[EventType "swiss"]
[EventCountry "ESP"]
[SourceTitle "playchess.com"]
[Source "ChessBase"]
[SourceQuality "1"]

1. d4 Nf6 2. Bg5 d5 3. Bxf6 exf6 4. e3 Be6 5. Nd2 Nd7 6. Bd3 Bd6 7. Ngf3 f5 8. O-O c6 9. c4 O-O 10. Qc2 g6 11. c5 Bc7 12. b4 Nf6 13. b5 Ne4 14. bxc6 bxc6 15. Nb3 Qf6 16. Nc1 f4 17. exf4 Bxf4 18. Ne2 Bc7 19. Bxe4 dxe4 20. Ne5 Bxe5 21. dxe5 Qxe5 22. Rfd1 Rfd8 23. Rac1 Rab8 24. Rxd8+ Rxd8 25. Ng3 e3 26. Qe2 Rd2 27. Qxe3 Qxe3 28. fxe3 Rxa2 29. Rd1 a5 30. Rd6 a4 31. Rxc6 a3 32. Ra6 Ra1+ 33. Kf2 a2 0-1

[Event "VI Sunway Sitges Open 2019"]
[Site "Sitges"]
[Date "2019.12.20"]
[Round "9.50"]
[White "Pellicer Roncero, Nestor"]
[Black "Seemann, Jakub"]
[Result "0-1"]
[WhiteElo "1932"]
[BlackElo "2050"]
[Annotator "NA"]
[PlyCount "120"]
[EventDate "2019.12.13"]
[EventType "swiss"]
[EventCountry "ESP"]
[SourceTitle "playchess.com"]
[Source "ChessBase"]
[SourceQuality "1"]

1. d4 Nf6 2. c4 g6 3. Nc3 Bg7 4. e4 d6 5. f4 c5 6. d5 O-O 7. Nf3 e6 8. dxe6 Bxe6 9. Bd3 Nc6 10. f5 Bc8 11. O-O Ng4 12. Nd5 Nd4 13. Ng5 Nf6 14. Nc3 Bd7 15. Qe1 Bc6 16. Qh4 h6 17. Nxf7 Rxf7 18. fxg6 Rf8 19. Bxh6 Bxh6 20. Qxh6 Qe7 21. Nd5 Bxd5 22. exd5 Qg7 23. Qg5 Rae8 24. Rae1 Rxe1 25. Rxe1 Re8 26. Rf1 Rf8 27. Re1 Nd7 28. Re7 Qf6 29. Qxf6 Nxf6 30. h4 Re8 31. Rxb7 Ng4 32. g3 Re3 33. Rb8+ Kg7 34. Rb7+ Kf8 35. Rb8+ Ke7 36. Rb7+ Ke8 37. Rb8+ Kd7 38. g7 Rxg3+ 39. Kf1 Nf6 40. Bh7 Nxh7 41. g8=Q Rxg8 42. Rxg8 Nf6 43. Rg7+ Ke8 44. Rxa7 Nf3 45. Ke2 Nxh4 46. a4 Kd8 47. Rg7 Nf5 48. Rf7 Nd4+ 49. Kd3 Nd7 50. Kc3 Ne2+ 51. Kd3 Ne5+ 52. Kxe2 Nxf7 53. Kd3 Kc7 54. Kc3 Ne5 55. b4 cxb4+ 56. Kxb4 Kb6 57. a5+ Ka6 58. Kc3 Kxa5 59. c5 dxc5 60. d6 Kb5 0-1

[Event "VI Sunway Sitges Open 2019"]
[Site "Sitges"]
[Date "2019.12.20"]
[Round "9.51"]
[White "Maloberti, David"]
[Black "Rosh Jain"]
[Result "1/2-1/2"]
[WhiteElo "2093"]
[BlackElo "1697"]
[Annotator "NA"]
[PlyCount "177"]
[EventDate "2019.12.13"]
[EventType "swiss"]
[EventCountry "ESP"]
[SourceTitle "playchess.com"]
[Source "ChessBase"]
[SourceQuality "1"]

1. d4 Nf6 2. c4 e6 3. Nf3 d5 4. Nc3 Be7 5. Bg5 Nbd7 6. e3 h6 7. Bf4 a6 8. a4 b6 9. cxd5 exd5 10. Bd3 Bb7 11. O-O O-O 12. Ne5 c5 13. Bf5 Rc8 14. Nxd7 Nxd7 15. Bxh6 Bf6 16. Qg4 cxd4 17. exd4 Bc6 18. Be3 Rc7 19. Bf4 Ra7 20. Bd6 Re8 21. Rfe1 Nf8 22. Bxf8 Kxf8 23. Bd3 Rae7 24. Rxe7 Qxe7 25. Bxa6 Qb4 26. Qh5 g6 27. Qh6+ Bg7 28. Qd2 Bxd4 29. g3 Bg7 30. Bd3 Qg4 31. Bb5 Bxb5 32. Nxb5 d4 33. Qd3 Kg8 34. b4 Qe2 35. Qxe2 Rxe2 36. a5 bxa5 37. bxa5 d3 38. Rd1 d2 39. Kf1 Re5 40. Nd6 Rd5 41. Nc4 Rc5 42. Nxd2 Rxa5 43. Ne4 Kf8 44. Rd7 Kg8 45. Kg2 Bb2 46. h4 f6 47. f3 f5 48. Ng5 Bf6 49. Ne6 Ra2+ 50. Kh3 Be5 51. Rd5 Re2 52. Rd7 Re3 53. Rd8+ Kf7 54. Ng5+ Kg7 55. Rd7+ Kg8 56. h5 Bf6 57. Nh7 Be5 58. Ng5 Bf6 59. f4 Bxg5 60. fxg5 gxh5 61. Kh4 Re4+ 62. Kxh5 Re3 63. Ra7 Re6 64. g6 Re1 65. Kg5 Rb1 66. Kxf5 Rf1+ 67. Kg5 Rg1 68. g4 Rb1 69. g7 Rb5+ 70. Kh6 Rb6+ 71. Kh5 Rh6+ 72. Kg5 Rg6+ 73. Kf5 Rb6 74. g5 Rb5+ 75. Kg4 Rb4+ 76. Kh5 Rb6 77. Rd7 Ra6 78. Re7 Rb6 79. Kg4 Rb4+ 80. Kf5 Rb5+ 81. Kf6 Rb6+ 82. Re6 Rxe6+ 83. Kxe6 Kxg7 84. Kf5 Kf7 85. g6+ Kg7 86. Kg5 Kg8 87. Kf6 Kf8 88. g7+ Kg8 89. Kg6 1/2-1/2

[Event "VI Sunway Sitges Open 2019"]
[Site "Sitges"]
[Date "2019.12.20"]
[Round "9.53"]
[White "Medar, Marti"]
[Black "Roch, Florian"]
[Result "1/2-1/2"]
[WhiteElo "1995"]
[BlackElo "1979"]
[Annotator "NA"]
[PlyCount "133"]
[EventDate "2019.12.13"]
[EventType "swiss"]
[EventCountry "ESP"]
[SourceTitle "playchess.com"]
[Source "ChessBase"]
[SourceQuality "1"]

1. d4 Nf6 2. Bf4 d5 3. e3 c5 4. c3 Nc6 5. Nd2 e6 6. Ngf3 cxd4 7. exd4 Nh5 8. Be3 Bd6 9. g3 g6 10. Bh6 Rg8 11. Bd3 Ng7 12. Nb3 Nf5 13. Bd2 Qe7 14. Qe2 Bd7 15. Ne5 O-O-O 16. O-O-O Kb8 17. f4 Rc8 18. Kb1 Be8 19. Rhe1 Qc7 20. Rc1 Qb6 21. g4 Nfe7 22. Be3 Na5 23. Nc5 Rc7 24. b4 f6 25. Nf3 Nc4 26. Bxc4 dxc4 27. Nd2 Qc6 28. Nde4 Nd5 29. Nxd6 Qxd6 30. Bd2 Re7 31. Qxc4 Bf7 32. Ne4 Qd8 33. Qd3 Qc7 34. c4 Nxf4 35. Qf3 g5 36. h4 Bg6 37. Ka1 Rf8 38. Nc5 Qd6 39. Bxf4 gxf4 40. Rcd1 Bf7 41. Re4 Bg8 42. Qxf4 e5 43. Qf3 Rd8 44. d5 a5 45. a3 axb4 46. axb4 Kc7 47. Kb2 Qb6 48. Qc3 Ree8 49. Re2 Ra8 50. d6+ Kd8 51. Nb3 Ra4 52. Qf3 Rf8 53. Ra1 Rxa1 54. Kxa1 Qxb4 55. Ra2 Kd7 56. Nc5+ Kxd6 57. Nxb7+ Kc7 58. Na5 Qe1+ 59. Kb2 Rb8+ 60. Nb3 Qd2+ 61. Kb1 Qb4 62. Ra7+ Rb7 63. Rxb7+ Qxb7 64. Qxb7+ Kxb7 65. Nc5+ Kc6 66. Ne4 Bxc4 67. Nxf6 1/2-1/2

[Event "VI Sunway Sitges Open 2019"]
[Site "Sitges"]
[Date "2019.12.20"]
[Round "9.54"]
[White "Lobo Pereira, Arami"]
[Black "Bergame, Alain"]
[Result "1-0"]
[WhiteElo "1557"]
[BlackElo "1750"]
[Annotator "NA"]
[PlyCount "83"]
[EventDate "2019.12.13"]
[EventType "swiss"]
[EventCountry "ESP"]
[SourceTitle "playchess.com"]
[Source "ChessBase"]
[SourceQuality "1"]

1. d4 Nf6 2. c4 g6 3. Nc3 d5 4. Nf3 Bg7 5. h4 c6 6. Bf4 Qa5 7. Qd2 h5 8. e3 Bf5 9. Rc1 e6 10. cxd5 exd5 11. Ne5 Qd8 12. f3 Nfd7 13. e4 Be6 14. exd5 Bxd5 15. Nxd5 cxd5 16. Qb4 Nc6 17. Nxc6 bxc6 18. Rxc6 a5 19. Qd2 O-O 20. Rd6 Re8+ 21. Kf2 Bf8 22. Rxd5 Bb4 23. Qc2 Qf6 24. Bg5 Qe6 25. Bc4 Be1+ 26. Kf1 Bg3 27. Re5 Qb6 28. Re4 Kg7 29. Rh3 Bd6 30. b3 Rec8 31. g4 a4 32. gxh5 gxh5 33. Qg2 Kh8 34. Bxf7 axb3 35. Bxb3 Rg8 36. Re6 Qb5+ 37. Kg1 Bf8 38. Rg3 Bg7 39. Kh1 Qf5 40. Re7 Nf6 41. Bc2 Qa5 42. Bxf6 1-0

[Event "VI Sunway Sitges Open 2019"]
[Site "Sitges"]
[Date "2019.12.22"]
[Round "10.1"]
[White "Korobov, Anton"]
[Black "Heimann, Andreas"]
[Result "1/2-1/2"]
[WhiteElo "2668"]
[BlackElo "2617"]
[Annotator "TA"]
[PlyCount "60"]
[EventDate "2019.12.13"]
[EventType "swiss"]
[EventCountry "ESP"]
[SourceTitle "playchess.com"]
[Source "ChessBase"]
[SourceQuality "1"]

1. d4 Nf6 2. c4 e6 3. Nf3 d5 4. Nc3 Bb4 5. Bg5 h6 6. Bxf6 Qxf6 7. Qa4+ Nc6 8. e3 O-O 9. Bd3 dxc4 10. Bxc4 Qe7 11. O-O Na5 12. Bd3 Bxc3 13. bxc3 b6 14. Qb4 Qd6 15. Be4 Bb7 16. Bxb7 Nxb7 17. Rfd1 Na5 18. Rac1 Rac8 19. h3 c5 20. Qb1 Rfd8 21. e4 cxd4 22. cxd4 Rxc1 23. Rxc1 Nc6 24. Rc4 Na5 25. Rc1 Nc6 26. Rc4 Na5 27. Rc1 Nc6 28. Rc4 Na5 29. Rc1 Nc6 30. Rc4 Na5 1/2-1/2

[Event "VI Sunway Sitges Open 2019"]
[Site "Sitges"]
[Date "2019.12.22"]
[Round "10.2"]
[White "Adly, Ahmed"]
[Black "Durarbayli, Vasif"]
[Result "1/2-1/2"]
[WhiteElo "2607"]
[BlackElo "2609"]
[Annotator "TA"]
[PlyCount "61"]
[EventDate "2019.12.13"]
[EventType "swiss"]
[EventCountry "ESP"]
[SourceTitle "playchess.com"]
[Source "ChessBase"]
[SourceQuality "1"]

1. d4 Nf6 2. Nf3 e6 3. g3 b6 4. Bg2 Bb7 5. O-O Be7 6. c4 O-O 7. d5 exd5 8. Nh4 c6 9. cxd5 Nxd5 10. Nf5 Nc7 11. e4 d5 12. exd5 Nxd5 13. Nc3 Bf6 14. Qg4 Nd7 15. Rd1 Ne5 16. Qa4 Qd7 17. Nxd5 cxd5 18. Qxd7 Nxd7 19. Ne3 Nc5 20. Nxd5 Bxd5 21. Bxd5 Rad8 22. Rb1 Rd7 23. Be3 Rfd8 24. Bf3 Rxd1+ 25. Rxd1 Rxd1+ 26. Bxd1 Bxb2 27. Bxc5 bxc5 28. Bb3 Kf8 29. f4 f5 30. Kf2 Ke7 31. Kf3 1/2-1/2

[Event "VI Sunway Sitges Open 2019"]
[Site "Sitges"]
[Date "2019.12.22"]
[Round "10.3"]
[White "Gareyev, Timur"]
[Black "Puranik, Abhimanyu"]
[Result "1/2-1/2"]
[WhiteElo "2598"]
[BlackElo "2580"]
[Annotator "ChessBase"]
[PlyCount "66"]
[EventDate "2019.12.13"]
[EventType "swiss"]
[EventCountry "ESP"]
[SourceTitle "playchess.com"]
[Source "ChessBase"]
[SourceQuality "1"]

1. c4 Nf6 2. Nc3 c5 3. Nf3 Nc6 4. d4 cxd4 5. Nxd4 g6 6. e4 d6 7. Be2 Bg7 8. Be3 O-O 9. O-O Bd7 10. Qd2 Nxd4 11. Bxd4 Bc6 12. Rfd1 a5 13. b3 Nd7 14. Rab1 Bxd4 15. Qxd4 Qb6 16. Qxb6 Nxb6 17. g3 f5 18. exf5 Rxf5 19. Bg4 Rc5 20. Re1 Kf8 21. Re3 a4 22. Rbe1 axb3 23. axb3 Ra3 24. Ne2 Rca5 25. Nd4 e5 26. Nxc6 bxc6 27. f4 Ra1 28. fxe5 Rxe1+ 29. Rxe1 Rxe5 30. Rd1 Ke7 31. Kf2 Ra5 32. Re1+ Kf7 33. h4 Ra2+ 1/2-1/2

[Event "VI Sunway Sitges Open 2019"]
[Site "Sitges"]
[Date "2019.12.22"]
[Round "10.4"]
[White "Nasuta, Grzegorz"]
[Black "Svane, Rasmus"]
[Result "0-1"]
[WhiteElo "2545"]
[BlackElo "2597"]
[Annotator "ChessBase"]
[PlyCount "118"]
[EventDate "2019.12.13"]
[EventType "swiss"]
[EventCountry "ESP"]
[SourceTitle "playchess.com"]
[Source "ChessBase"]
[SourceQuality "1"]

1. e4 e5 2. Nf3 Nc6 3. d4 exd4 4. Nxd4 Qf6 5. Nf3 Bb4+ 6. c3 Bc5 7. Be2 h6 8. O-O Nge7 9. Qd2 d6 10. b4 Bb6 11. Bb2 Qg6 12. Qf4 O-O 13. Nbd2 f5 14. e5 Nd5 15. Bc4 Be6 16. Qg3 Qxg3 17. hxg3 dxe5 18. b5 Na5 19. Bxd5 Bxd5 20. Nxe5 Rad8 21. c4 Bxg2 22. Kxg2 Rxd2 23. Bc3 Rc2 24. Rac1 Rxa2 25. c5 Nb3 26. cxb6 Nxc1 27. Ng6 Re8 28. bxc7 Rc2 29. Re1 Ne2 30. Ne7+ Kh7 31. c8=Q Rxc8 32. Nxc8 Nxc3 33. Nd6 Rd2 34. Nxf5 Rd7 35. Re5 Kg6 36. Rc5 Ne4 37. Nh4+ Kf6 38. Rc4 Nd6 39. Rb4 Ke6 40. Ng6 Kd5 41. b6 a5 42. Rb1 Nc4 43. Nf4+ Kc5 44. Ne6+ Kd6 45. Nd4 Kd5 46. Rd1 Nb2 47. Rd2 Kc4 48. Rxb2 Rxd4 49. Rc2+ Kb5 50. Rc7 Kxb6 51. Rxg7 a4 52. Rg6+ Ka5 53. Rxh6 a3 54. f4 a2 55. Rh1 b5 56. f5 b4 57. f6 b3 58. Rh8 Rd7 59. Rf8 Ra7 0-1

[Event "VI Sunway Sitges Open 2019"]
[Site "Sitges"]
[Date "2019.12.22"]
[Round "10.5"]
[White "Wagner, Dennis"]
[Black "Ivanchuk, Vassily"]
[Result "1/2-1/2"]
[WhiteElo "2578"]
[BlackElo "2690"]
[Annotator "TA"]
[PlyCount "46"]
[EventDate "2019.12.13"]
[EventType "swiss"]
[EventCountry "ESP"]
[SourceTitle "playchess.com"]
[Source "ChessBase"]
[SourceQuality "1"]

1. d4 Nf6 2. c4 e6 3. Nf3 b6 4. g3 Bb7 5. Bg2 Bb4+ 6. Bd2 Bxd2+ 7. Qxd2 O-O 8. O-O d6 9. Qf4 Nh5 10. Qe3 Nd7 11. Nc3 Nhf6 12. Qf4 Nh5 13. Qe3 Nhf6 14. Qf4 Nh5 15. Qd2 Nhf6 16. d5 exd5 17. cxd5 b5 18. a3 a6 19. Nd4 Re8 20. e4 Nc5 21. Qc2 Ng4 22. Rad1 h5 23. h3 Ne5 1/2-1/2

[Event "VI Sunway Sitges Open 2019"]
[Site "Sitges"]
[Date "2019.12.22"]
[Round "10.6"]
[White "Shevchenko, Kirill"]
[Black "Lagarde, Maxime"]
[Result "0-1"]
[WhiteElo "2547"]
[BlackElo "2655"]
[Annotator "TA"]
[PlyCount "149"]
[EventDate "2019.12.13"]
[EventType "swiss"]
[EventCountry "ESP"]
[SourceTitle "playchess.com"]
[Source "ChessBase"]
[SourceQuality "1"]

1. e4 c5 2. Nf3 Nc6 3. Nc3 e5 4. Bc4 g6 5. d3 h6 6. O-O Bg7 7. Ne1 Nf6 8. f4 d6 9. Nf3 exf4 10. Bxf4 Nh5 11. Be3 O-O 12. d4 cxd4 13. Nxd4 Ne5 14. Be2 Nf6 15. h3 a6 16. Nf3 Be6 17. Qd2 Rc8 18. Nd4 Kh7 19. Rad1 Bd7 20. Nf3 Nxf3+ 21. Bxf3 Be6 22. Qxd6 Nd7 23. e5 Nxe5 24. Bxb7 Qxd6 25. Rxd6 Rb8 26. Bxa6 Bc4 27. Rfd1 Rxb2 28. Bd4 Rxc2 29. Ne4 Rxa2 30. Nf6+ Kh8 31. Bxe5 Rxa6 32. Rd8 Ra8 33. Rxf8+ Rxf8 34. Rd6 Be6 35. Bd4 g5 36. Ne4 Bxd4+ 37. Rxd4 Rc8 38. Kf2 Kg7 39. Rd2 Kg6 40. Nd6 Rc1 41. Nb5 h5 42. Nd4 h4 43. Nf3 f6 44. Rd6 Kf7 45. Rd2 Bc4 46. Ne1 Ra1 47. Nf3 Ke7 48. Ke3 Ba6 49. Rc2 Ra3+ 50. Kf2 Bd3 51. Rb2 Ke6 52. Nd2 Ra1 53. Ke3 Ba6 54. Nf3 Ra3+ 55. Kf2 Kf5 56. Nd2 Ra1 57. Nf3 Ra4 58. Ke3 Re4+ 59. Kf2 Kf4 60. Rd2 f5 61. Ne1 g4 62. hxg4 fxg4 63. Nd3+ Kf5 64. Nc5 g3+ 65. Kf3 Rf4+ 66. Ke3 Bc4 67. Rd8 h3 68. Rf8+ Ke5 69. Nd7+ Kd6 70. Kxf4 hxg2 71. Ne5 g1=Q 72. Nxc4+ Ke7 73. Rg8 Qf1+ 74. Ke3 g2 75. Kd4 0-1

[Event "VI Sunway Sitges Open 2019"]
[Site "Sitges"]
[Date "2019.12.22"]
[Round "10.7"]
[White "Li, Di"]
[Black "Kovalenko, Igor"]
[Result "1-0"]
[WhiteElo "2543"]
[BlackElo "2647"]
[Annotator "TA"]
[PlyCount "80"]
[EventDate "2019.12.13"]
[EventType "swiss"]
[EventCountry "ESP"]
[SourceTitle "playchess.com"]
[Source "ChessBase"]
[SourceQuality "1"]

1. d4 d5 2. Nf3 Nf6 3. c4 c6 4. Qc2 dxc4 5. Qxc4 Bg4 6. Nc3 Nbd7 7. e4 Bxf3 8. gxf3 e6 9. Be3 Qc7 10. O-O-O Nb6 11. Qb3 O-O-O 12. Kb1 Kb8 13. Rc1 Qe7 14. a3 h6 15. h4 Rg8 16. Na2 Ka8 17. Nb4 Qc7 18. Nd3 g5 19. hxg5 hxg5 20. a4 Nbd7 21. Be2 Qa5 22. Rc2 g4 23. Bd2 Qb6 24. Qc4 Nb8 25. Be3 Qc7 26. d5 e5 27. b4 Rc8 28. Rhc1 gxf3 29. Bxf3 Bd6 30. dxc6 bxc6 31. Rb2 Qb7 32. Bd1 Rc7 33. f3 Rg3 34. Bc5 Bxc5 35. bxc5 Qc8 36. Nxe5 Qe8 37. Qd4 Nfd7 38. Nc4 Qe7 39. Nd6 Qe5 40. Qc4 Rg1 1-0

[Event "VI Sunway Sitges Open 2019"]
[Site "Sitges"]
[Date "2019.12.22"]
[Round "10.8"]
[White "Bjerre, Jonas Buhl"]
[Black "Donchenko, Alexander"]
[Result "1/2-1/2"]
[WhiteElo "2526"]
[BlackElo "2644"]
[Annotator "TA"]
[PlyCount "94"]
[EventDate "2019.12.13"]
[EventType "swiss"]
[EventCountry "ESP"]
[SourceTitle "playchess.com"]
[Source "ChessBase"]
[SourceQuality "1"]

1. d4 Nf6 2. c4 e6 3. Nf3 d5 4. g3 dxc4 5. Bg2 a6 6. O-O Nc6 7. Nbd2 b5 8. b3 c3 9. Nb1 b4 10. a3 Rb8 11. axb4 Bxb4 12. Qd3 e5 13. Nxc3 exd4 14. Ne4 O-O 15. Bb2 Bf5 16. Nxd4 Bxe4 17. Bxe4 Nxd4 18. Bxd4 Nxe4 19. Qxe4 Re8 20. Qg4 Bf8 21. Be3 Qd5 22. Rxa6 Rb4 23. Qf3 Qxf3 24. exf3 Rxb3 25. Rc1 Bd6 26. Ra7 h6 27. Rc2 Reb8 28. Rc6 R3b7 29. Ra4 Rb4 30. Ra7 Rb2 31. Bf4 Bxf4 32. gxf4 Rd8 33. Rcxc7 Rd1+ 34. Kg2 Rdd2 35. f5 Rxf2+ 36. Kg3 Rxh2 37. Rxf7 Rhg2+ 38. Kf4 Rb4+ 39. Ke5 Rb5+ 40. Ke4 Rb4+ 41. Ke5 h5 42. Rfc7 Kh7 43. f4 Rb6 44. Rf7 Rb5+ 45. Ke4 Rb4+ 46. Ke5 Rb5+ 47. Ke4 Rb4+ 1/2-1/2

[Event "VI Sunway Sitges Open 2019"]
[Site "Sitges"]
[Date "2019.12.22"]
[Round "10.9"]
[White "Tabatabaei, M.amin"]
[Black "Martin Duque, Jesus"]
[Result "1-0"]
[WhiteElo "2635"]
[BlackElo "2430"]
[Annotator "TA"]
[PlyCount "203"]
[EventDate "2019.12.13"]
[EventType "swiss"]
[EventCountry "ESP"]
[SourceTitle "playchess.com"]
[Source "ChessBase"]
[SourceQuality "1"]

1. e4 c5 2. Nf3 e6 3. d4 cxd4 4. Nxd4 Nc6 5. Nc3 Qc7 6. g3 a6 7. Bg2 Nf6 8. O-O Nxd4 9. Qxd4 Bc5 10. Bf4 d6 11. Qd2 h6 12. Rad1 e5 13. Be3 Bb4 14. Nb5 axb5 15. Qxb4 Rxa2 16. Rxd6 O-O 17. Rd2 Be6 18. f3 Qc4 19. Qxc4 bxc4 20. c3 Rfa8 21. Kf2 R8a5 22. Rb1 Rb5 23. Bf1 Ra3 24. bxa3 Rxb1 25. Bc5 g5 26. Bd6 Nd7 27. Be2 Rc1 28. Bb4 b5 29. Bd1 Ra1 30. Ke3 Kh7 31. f4 gxf4+ 32. gxf4 exf4+ 33. Kxf4 Rc1 34. e5 Kh8 35. h4 Kg8 36. Rg2+ Kh8 37. Rd2 Kg8 38. Ke4 Kh8 39. Kd4 Kg8 40. Rg2+ Kh8 41. Rd2 Kg8 42. Be7 Kg7 43. h5 Ra1 44. Bd6 Kh8 45. Bb4 Rc1 46. Be7 Kg7 47. Bf3 Re1 48. Rg2+ Kh8 49. Rg3 Kh7 50. Be4+ Kh8 51. Bc6 Rd1+ 52. Ke4 Rd3 53. Rxd3 cxd3 54. Ke3 Kg8 55. Bf6 Nb6 56. Bxb5 Nc4+ 57. Kxd3 Nxa3 58. Bc6 Nc4 59. Bf3 Kf8 60. Be2 Kg8 61. Kd4 Nd2 62. c4 Nxc4 63. Bxc4 Bg4 64. Ke3 Bxh5 65. Be2 Bg6 66. Kf4 Bc2 67. Bf3 Bb3 68. Be4 Ba4 69. Be7 Kg7 70. Bb4 Bd7 71. Bc3 Kg8 72. Bf5 Ba4 73. Bc8 Bc2 74. Bb7 Bg6 75. Kg4 Bd3 76. Bd5 Bg6 77. Kf4 Kf8 78. Be4 Bh5 79. Bd3 Kg8 80. Ke4 Bg6+ 81. Kd4 Bh5 82. Kd5 Bg4 83. Kd6 Kf8 84. Bd2 Kg7 85. Ke7 Be6 86. Bc3 Bb3 87. Bf5 Bc4 88. Ke8 Kg8 89. Bb4 Bb5+ 90. Bd7 Bc4 91. Bf8 h5 92. Be7 Bd3 93. Bf6 Bc4 94. Bf5 Bd5 95. Ke7 Bc4 96. Kd6 Bb3 97. Be4 h4 98. Bxh4 Bc4 99. Bd5 Bd3 100. Ke7 Bg6 101. Kf6 Bh5 102. Bf2 1-0